|
|
|
|
| LEADER |
00000nmm0a2200000 4500 |
| 001 |
187480 |
| 005 |
20231101224053.0 |
| 010 |
|
|
|a 9785941202119
|
| 035 |
|
|
|a (RuTPU)RU\TPU\book\203440
|
| 090 |
|
|
|a 187480
|
| 100 |
|
|
|a 20101116d2010 km y0rusy50 ca
|
| 101 |
0 |
|
|a rus
|
| 102 |
|
|
|a RU
|
| 105 |
|
|
|a a z 001zy
|
| 200 |
1 |
|
|a 1000 и одна микроконтроллерная схема
|f С. М. Рюмик
|
| 210 |
|
|
|a Москва
|c Додэка-XXI
|d 2010
|
| 215 |
|
|
|a 356 с.
|c ил.
|e CD-ROM
|
| 225 |
1 |
|
|a Программируемые системы
|v Вып. 1
|
| 320 |
|
|
|a Библиогр. в конце гл.
|
| 330 |
|
|
|a Книга является первым выпуском своеобразной энциклопедии схем по применению микроконтроллеров. В ней представлено более 1000 электрических схем. Рассматриваются подсистемы ввода (подключение механических, ёмкостных, индуктивных, акустических, оптических, температурных и других датчиков), синхронизации (с использованием кварцевых и керамических резонаторов, RC LC детекторы напряжения, сторожевые таймеры), а также организация питания. Все электрические схемы снабжены краткими пояснениями о назначении элементов. Главные принципы подачи материала — логичное и понятное изложение теории, дополненное большим количеством полезной практической информации. К книге прилагается компакт-диск с программами и справочными данными на применяемые в схемах радиоэлементы: микросхемы, транзисторы, датчики, диоды и т.д. Книга будет полезна разработчикам электронной аппаратуры, радиолюбителям (в том числе начинающим), студентам, а также всем неспециалистам в области электроники, самостоятельно осваивающим микроконтроллеры.
|
| 606 |
1 |
|
|a Микроконтроллеры
|2 stltpush
|3 (RuTPU)RU\TPU\subj\43676
|9 63140
|
| 610 |
1 |
|
|a микроконтроллерные системы
|
| 610 |
1 |
|
|a микроконтроллерные схемы
|
| 610 |
1 |
|
|a узлы
|
| 610 |
1 |
|
|a блоки
|
| 610 |
1 |
|
|a датчики
|
| 610 |
1 |
|
|a электрические схемы
|
| 610 |
1 |
|
|a CD-ROM
|
| 675 |
|
|
|a 681.325.5-181.48
|v 3
|
| 700 |
|
1 |
|a Рюмик
|b С. М.
|g Сергей Максимович
|
| 801 |
|
1 |
|a RU
|b 63413507
|c 20101116
|
| 801 |
|
2 |
|a RU
|b 63413507
|c 20211201
|g RCR
|
| 942 |
|
|
|c MX
|